000 00908nam a2200265Ia 4500
003 OSt
005 20210526112047.0
008 210310s1992 cl gr 000 0 spa d
020 _a9223087252
040 _aCO-JMCR
_cCO-JMCR
041 0 _aspa
082 0 4 _a331.4098 /
_bL925g
_223
100 1 _aLopez, Cecilia,
_eautor
_93246
245 0 _aGenero y mercado de trabajo :
_ben América latina /
_cCecilia López M., Molly Pollack, Marcela Villarreal
260 _aChile :
_bPrealc,
_c1992.
300 _a220 páginas ;
_c24 cm.
504 _aBibliografía : páginas 219-220.
505 0 _aMarco conceptual. -- Evidencia empírica.
650 1 4 _aMujer latinoamericana.
_937912
650 2 4 _aMujeres en la política de desarrollo
_937913
650 2 4 _aProyectos de desarrollo
_94149
700 _aPollack, Molly,
_eautor
_937914
700 _aVillarreal, Marcela,
_eautor
_937915
942 _2ddc
_cBK
999 _c11813
_d11813